| 000 | 01053nam a2200217Ia 4500 | ||
|---|---|---|---|
| 999 |
_c32840 _d32840 |
||
| 003 | OSt | ||
| 005 | 20210605162248.0 | ||
| 008 | 160316s2009 xxu||||| |||| 00| 0 eng d | ||
| 020 | _a9780195171631 | ||
| 040 | _cn | ||
| 082 |
_a658.401200 _bKUI |
||
| 100 | _aKuijper Mia De | ||
| 245 | _aProfit power economics : A new competitive strategy for creating sustainable wealth | ||
| 260 |
_aOxford _bOxford University Press _c2009 |
||
| 300 | _a312p | ||
| 365 | _b Rs. 395 | ||
| 505 | _aTable of contents INTRODUCTION; I. THE KEY TO PROFIT POWER; II. UNDERSTANDING THE TRANSPARENT ECONOMY; III. HOW TRANSPARENCY ALTERS THE BUILDING BLOCKS OF EXTRAORDINARY PROFITS; IV. THE FOUR RULES FOR MAXIMIZING PROFITS IN TRANSPARENCY; V. POWER NODES: TRANSPARENCY'S COMPETITIVE WEAPONS; VI. THE FOUR RULES METHOD FOR MAXIMIZING PROFITS; VII. STRATEGIES FOR INVESTORS; VIII. CONCLUSION; GLOSSARY; BIBLIOGRAPHY; NOTES | ||
| 650 | _a1. Strategic Planning 2. Profit 3. Informaton Technology - Management | ||
| 700 |
_a _a |
||
| 942 |
_2ddc _cBK |
||